| 000 | 00858nam a2200217Ia 4500 | ||
|---|---|---|---|
| 003 | OSt | ||
| 005 | 20200909184211.0 | ||
| 008 | 191128s1994 ck fr 000 0 spa d | ||
| 040 |
_aCO-JMCR _cCO-JMCR |
||
| 041 | 0 | _aspa | |
| 082 | 0 | 4 |
_a364.133026 / _bR153r _223 |
| 100 | 1 |
_aRamírez Pinzón, Rafael Humberto, _eautor _910075 |
|
| 245 | 1 | 0 |
_aRégimen de faltas administrativas aduaneras / _cRafael Humberto Ramírez Pinzón |
| 250 | _aPrimera edición | ||
| 260 |
_aBogotá : _bImagen gráfica, _c1994 |
||
| 300 |
_a157 páginas ; _c24 cm. |
||
| 505 | 0 | _aNormas generales aplicables al régimen de importación decreto 1909 de 1992 -- Normas aplicables a los transportadores. -- Obligaciones de los transportadores relacionadas con las provisiones de | |
| 650 | 1 | 4 |
_aNormas de importación _xdecretos _910076 |
| 650 | 1 | 4 |
_aDecretos _94421 |
| 942 |
_2ddc _cBK |
||
| 999 |
_c5954 _d5954 |
||